000 00383nam a2200145Ia 4500
008 151213s9999 xx 000 0 und d
100 _aCharles Dickens
245 _aGreat Expectation
_cCharles Dickens
260 _aLondon
_bChapman and Hall
_c1911
300 _a5253 p.
650 _aEnglish Literature
650 _aEnglish Literature
700 _aCharles Dickens
999 _c3244
_d3244